01026nam a2200217 4500003000900000020001800009040002800027082001900055110009800074245009900172260004700271300002600318586012000344650005000464650006700514650005400581650005300635650005000688700003600738700003400774CO-ViMGA a9789586642507 aCO-ViMGAbspacCO-ViMGA04a709.9861bB15d aBanco de la república, ára cultural - Cali, dentre el 25 de mayo a 25 de agosto de 2012.10aDolcey Vergara, pintor del Valle del Cauca /cBanco de la República. Área Cultural ( Cali) aColombia:bBanco de la República,c2012. a76 p. :bil. ; 22 cm. aExposición realizada en el Banco de la República, sucursal Cali, entre el 25 de mayo y el 25 de agosto de 2012.14aArte colombiano - Exposiciones - Catálogos.14aArtes plásticas - Valle del Cauca (Colombia) - Exposiciones.14aArtistas colombianos- Exposiciones - Catálogos.14aPintura Colombiana - Exposiciones - Catálogos.14aVergara Dolcey, 1912 - Trabajos artísticos.1 aSierra Restrepo, Alberto,efot.1 aSierra Restrepo, Juan Camilo.